Big Cities in Florida - Statistics

General Stats
  • This quiz has been taken 14 times
    9 since last reset
  • The average score is 6 of 10
Answer Stats
Hint Answer % Correct
Biggest city in Florida Miami
100%
Has Universal and Disney Orlando
100%
The capital Tallahassee
89%
Has a really big airport Tampa
78%
Second biggest city in florida Jacksonville
67%
Southern most point Key West
67%
Has good beaches Daytona Beach
44%
Its in the central time zone Pensacola
44%
Has the best beach in the US(siesta key beach) Sarasota
33%
Has the second best beach in the US St Petersburg
22%
No matching quizzes found
Score Distribution
Percent of People with Each Score
Percentile by Number Answered
Your Score History
You have not taken this quiz since the last reset